Biblioteca y Centro de Documentación

Las modificaciones en el régimen jurídico de fomento del empleo (Registro nro. 31641)

Detalles MARC
000 -CABECERA
Longitud fija campo de control 00997naa a2200265 c 4500
001 - NÚMERO DE CONTROL
Número de control 31641
003 - IDENTIFICADOR DE NÚMERO DE CONTROL
Identificador del número de control ES-MaCES
005 - FECHA Y HORA DE LA ÚLTIMA TRANSACCIÓN
Fecha y hora de la última transacción 20150724120059.0
008 - CAMPO FIJO DE DESCRIPCIÓN FIJA--INFORMACIÓN GENERAL
Códigos de información de longitud fija   000324n1999 sp t o000 | spa d
035 ## - NÚMERO DE CONTROL DEL SISTEMA
Número de control del sistema CES20000001641v
040 ## - FUENTE DE CATALOGACIÓN
Centro catalogador de origen ES-MaCES
Lengua de catalogación spa
Centro transcriptor ES-MaCES
100 1# - ENCABEZAMIENTO PRINCIPAL--NOMBRE PERSONAL
Nombre de persona Morón Prieto, Ricardo
9 (RLIN) 19191
245 14 - MENCIÓN DE TÍTULO
Título Las modificaciones en el régimen jurídico de fomento del empleo
Resto del título : entre la adaptación y la improvisación
Mención de responsabilidad, etc. Ricardo Morón Prieto
650 #4 - ASIENTO SECUNDARIO DE MATERIA--TÉRMINO DE MATERIA
Término de materia o nombre geográfico como elemento inicial régimen jurídico
9 (RLIN) 29894
650 #4 - ASIENTO SECUNDARIO DE MATERIA--TÉRMINO DE MATERIA
Término de materia o nombre geográfico como elemento inicial plan de acción
9 (RLIN) 30406
650 #4 - ASIENTO SECUNDARIO DE MATERIA--TÉRMINO DE MATERIA
Término de materia o nombre geográfico como elemento inicial reinserción profesional
9 (RLIN) 29517
650 #4 - ASIENTO SECUNDARIO DE MATERIA--TÉRMINO DE MATERIA
Término de materia o nombre geográfico como elemento inicial integración de las personas con discapacidad
9 (RLIN) 29681
650 #4 - ASIENTO SECUNDARIO DE MATERIA--TÉRMINO DE MATERIA
Término de materia o nombre geográfico como elemento inicial fomento del empleo
9 (RLIN) 30270
653 10 - TÉRMINO DE INDEXACIÓN--NO CONTROLADO
Término no controlado Empleo
650 #4 - ASIENTO SECUNDARIO DE MATERIA--TÉRMINO DE MATERIA
9 (RLIN) 28300
Término de materia o nombre geográfico como elemento inicial política de empleo
773 0# - ENTRADA DE DOCUMENTO FUENTE
Título Relaciones laborales
Parte(s) relacionada(s) año 15, n. 21 (8 nov. 1999){10194 R. 033276}; p. 48-69
Número de control del registro relacionado (ES-MaCES)25210
Itemnumber del ítem fuente 42857
902 ## - CES. TIPO DE DOCUMENTO
Tipodoc (006$c Sirtex) ART Artículo de revista
942 ## - ELEMENTOS KOHA
Fuente de clasificaión o esquema Clasificación propia del CES
Koha [por defecto] tipo de item Artículos (1982-2017)
Parte de clasificación 2.1.

No hay ítems disponibles.

© CES, Consejo Económico y Social de España 2021